Využitie integrovaných systémových prístupov v manažérstve kvality firmy USSK

Využitie integrovaných systémových prístupov v manažérstve kvality v U.S. Steel Košice (USSK). Pôsobenie na zamestnancov. Strategické zámery vychádzajúce z vízie U.S. Steel Group sformulovanej do dokumentu vydaného materskou spoločnosťou. Znenie zásad tejto vízie.

Salvato in:
Dettagli Bibliografici
Autore principale: Frischer, Peter
Altri autori: Doboš, Anton
Natura: Capitolo di libro
Lingua:slovacco
Soggetti:
Tags: Aggiungi Tag
Nessun Tag, puoi essere il primo ad aggiungerne!!

MARC

LEADER 00000naa a2200000 4500
001 r047565
005 20231002070235.6
041 0 |a slo 
044 |a SK 
245 1 0 |a Využitie integrovaných systémových prístupov v manažérstve kvality firmy USSK  |c Peter Frischer, Anton Doboš 
520 |a Využitie integrovaných systémových prístupov v manažérstve kvality v U.S. Steel Košice (USSK). Pôsobenie na zamestnancov. Strategické zámery vychádzajúce z vízie U.S. Steel Group sformulovanej do dokumentu vydaného materskou spoločnosťou. Znenie zásad tejto vízie. 
610 2 0 |a riadenie kvality 
610 2 0 |a kvalita 
610 2 0 |a stratégia podniková 
610 2 0 |a U.S. Steel Košice 
610 2 0 |a vízie 
100 1 |a Frischer, Peter 
700 1 |a Doboš, Anton